The Hong Kong furniture industry
Gespeichert in:
| Format: | Buch |
|---|---|
| Sprache: | Undetermined |
| Schlagworte: | |
| Tags: |
Tag hinzufügen
Keine Tags, Fügen Sie den ersten Tag hinzu!
|
| Thư viện lưu trữ: | Trung tâm Học liệu Trường Đại học Cần Thơ |
|---|
| LEADER | 00397nam a2200133Ia 4500 | ||
|---|---|---|---|
| 001 | CTU_105654 | ||
| 008 | 210402s9999 xx 000 0 und d | ||
| 082 | |a 338.45125 | ||
| 082 | |b T374 | ||
| 245 | 4 | |a The Hong Kong furniture industry | |
| 650 | |a Furniture industry and trade,Economic conditions | ||
| 650 | |z Hong Kong | ||
| 904 | |i Hiếu | ||
| 980 | |a Trung tâm Học liệu Trường Đại học Cần Thơ | ||